Návrh a realizácia informačného systému pre monitorovanie výrobného procesu

Saved in:
Bibliographic Details
Main Author: Kalus, Matúš (Author)
Other Authors: Juhásová, Bohuslava (Thesis advisor)
Format: Manuscript Book
Language:Slovak
Published: 2018
Subjects:
Online Access:http://is.stuba.sk/zp/portal_zp.pl?podrobnosti=123847
Tags: Add Tag
No Tags, Be the first to tag this record!

MARC

LEADER 00000ntm a22000003a 4500
001 stuzp67315
003 SK-STU
005 20180820154329.8
007 ta
008 150427s2015----xo-----f-mn---000-0-slo-d
040 |a STU  |b slo 
041 0 |a slo 
100 1 |a Kalus, Matúš  |u 066000  |4 aut  |U MTF Materiálovotechnologická fakulta  |T MTF Ústav aplikovanej informatiky, automatizácie a mechatroniky  |X 80455  |U M6000  |Y 86  |7 80455 
242 0 1 |a Design an implementation of an information system for monitoring the production process  |y eng 
245 1 0 |a Návrh a realizácia informačného systému pre monitorovanie výrobného procesu 
260 |c 2018 
650 4 |a UML  |2 eng 
650 4 |a web  |2 eng 
650 4 |a web application  |2 eng 
650 4 |a application  |2 eng 
650 4 |a database  |2 eng 
650 4 |a Databáza  |2 slo 
650 4 |a UML  |2 slo 
650 4 |a web  |2 slo 
650 4 |a webová aplikácia  |2 slo 
650 4 |a Informačný systém  |2 slo 
700 1 |a Juhásová, Bohuslava  |u 066000  |k Z1  |4 ths  |U MTF Materiálovotechnologická fakulta  |T MTF Ústav aplikovanej informatiky, automatizácie a mechatroniky  |X 201  |U M6000  |Y 86  |7 A000000201 
856 4 |u http://is.stuba.sk/zp/portal_zp.pl?podrobnosti=123847 
996 |c M* BP-8211  |l MMSKP  |s P  |a 0  |w stuzp67315_0001